000 00363pab a2200157 454500
008 180718b2017 xxu||||| |||| 00| 0 eng d
100 _aMukesh Kumar
245 _aFood security act: a review
260 _c2017
300 _ap.11-15.
362 _aFeb
650 _aFood supply - India
650 _aFood supply
773 _aKurukshetra
909 _a113600
999 _c113594
_d113594